CAMPEÕES DA COPA INTERFEDERAÇÕES CFA - Statistics

Estatísticas Gerais
  • Esse quiz foi jogado 23 vezes
  • A pontuação média é 49 de 87
Estatísticas das Respostas
Ano Time % Correto
2015 Dourado
91%
2020 Dourado
91%
2037 Dourado
91%
2039 Dourado
91%
2043 Dourado
91%
1979 Millonarios
87%
1981 Millonarios
87%
2029 Millonarios
87%
2032 Millonarios
87%
2041 Millonarios
87%
1970 Pedrovsk
87%
2042 Pedrovsk
87%
2047 Pedrovsk
87%
2055 Pedrovsk
87%
2011 Guaraní
78%
2012 Guaraní
78%
2027 Guaraní
78%
1969 Liquid
78%
1974 Três Flores
78%
2052 Três Flores
78%
2049 Bayer
74%
2034 Nartuno
74%
2054 Nartuno
74%
2048 Natal
74%
2050 Santa Rosa
74%
2021 Atlético Lagata
70%
2046 Atlético Lagata
70%
2026 CSE
70%
2019 Ganabio
65%
2036 Ganabio
65%
1988 Uchoa
65%
1989 Uchoa
65%
2045 Cobreloa
61%
2051 Coroado
61%
2033 Independiente Santa Fé
61%
2000 Sake
61%
2044 Sake
61%
1999 São Matheus
61%
2025 São Matheus
61%
1983 Tiel Town United
61%
1984 Tiel Town United
61%
2010 Borari
57%
2023 Confiança
57%
2005 Downscore
57%
2006 Downscore
57%
2013 Downscore
57%
2003 Florido
57%
2007 Napolitano
57%
2030 Platensia
57%
1992 Real Bibau
57%
2038 Real Bibau
57%
2040 Real Católica
57%
1986 Roda
57%
2053 Trickster
57%
2017 Bray
52%
1996 Estrella Purpura
52%
1976 Selva
52%
1993 Volendam
52%
1995 Palestra Anzac
48%
2004 Palestra Anzac
48%
1990 Red Bull Diania
48%
2001 Red Bull Diania
48%
2022 Woolwich
48%
2028 Universidad Chile
43%
2031 Universidad Chile
43%
2035 Universidad Chile
43%
2024 Independência
39%
2014 CS Plata
35%
1971 King Sejong
35%
1997 Phoenix
35%
1973 Americano
30%
1982 Audax
30%
1977 Baker
26%
1994 Estano
26%
2002 San Nyciar
22%
2018 San Nyciar
22%
1972 Lousday
17%
1987 Maizen Freiburg
17%
1985 Xenota
17%
2009 Xenota
17%
2008 Zenit
17%
1975 Burenes Hawks
13%
1978 CSKA Sófia
13%
1980 Parnahyba
13%
1991 Red Bull Birmingham
13%
2016 Flempsy
9%
1998 Vila Nova (Santiz)
4%
Nenhum quiz correspondente encontrado
Distribuição das Pontuações
Porcentagem de Pessoas com Cada Pontuação
Percentil de Números Respondidos
Sua Pontuação Histórica
Você não jogou esse quiz